000 00345nam a2200133Ia 4500
008 240624s9999 xx 000 0 und d
041 _aeng
082 _a658.3124 GUP
100 _aGUPTAN SUNIL UNNY
245 _aMENTORING A PRACTITIONER S GUIDE TO TOUC
260 _c2013
_aNew Delhi
_bSage
300 _a214 : p. : cm. ; 19
365 _cRS
_b38
999 _c27428
_d27428